[Event "Titled Tuesday intern op 28th May Late"]
[Site "Chess.com INT"]
[Date "2024.05.28"]
[Round "9"]
[White "Marchesich, Giovanni"]
[Black "Liu, Eric"]
[Result "1-0"]
[WhiteElo "2220"]
[BlackElo "2388"]
[PlyCount "137"]
[EventDate "2024.05.28"]
[EventType "swiss (blitz)"]
[EventRounds "11"]
[EventCountry "USA"]
[SourceTitle "EXT 2025"]
[Source "ChessBase"]
[SourceDate "2024.10.14"]
[SourceVersion "1"]
[SourceVersionDate "2024.10.14"]
[SourceQuality "1"]

1. Nf3 g6 2. g3 Bg7 3. Bg2 e5 4. c4 c5 5. Nc3 Nc6 6. d3 Nge7 7. Bd2 0-0 8. h4 h5 9. Qc1 d6 10. Bh6 Bg4 11. 0-0 Rb8 12. a3 a6 13. Rb1 b5 14. Bxg7 Kxg7 15. cxb5 axb5 16. b4 cxb4 17. axb4 Bxf3 18. Bxf3 Nd4 19. Bg2 Rc8 20. Re1 Qc7 21. Na2 Qxc1 22. Rbxc1 Rxc1 23. Nxc1 Nc2 24. Rd1 Nxb4 25. Rd2 Rc8 26. Nb3 Rc2 27. Rxc2 Nxc2 28. Kf1 Nc8 29. e3 Nb6 30. Ke2 Na4 31. Kd2 Na3 32. Bc6 Kf8 33. Na1 Nc5 34. d4 exd4 35. exd4 Ne6 36. Kc3 b4+ 37. Kxb4 Nxd4 38. Be4 Nab5 39. Bd3 Nc7 40. Kc4 Nf3 41. Nc2 Ne5+ 42. Kd4 Ne6+ 43. Ke3 Ke7 44. Be4 Nc5 45. Bd5 Ncd7 46. Nd4 Nf6 47. Bb3 d5 48. Kf4 Nd3+ 49. Kg5 Nxf2 50. Nc6+ Kd6 51. Kxf6 Kxc6 52. Kxf7 Ne4 53. Kxg6 Nxg3 54. Kg5 Kc5 55. Kf4 Ne4 56. Bd1 Nf6 57. Kg5 Ne4+ 58. Kxh5 d4 59. Kg6 Nf2 60. Bf3 Nd3 61. Kg5 Ne5 62. Bd1 d3 63. h5 d2 64. Kf6 Nd7+ 65. Ke7 Ne5 66. h6 Kd4 67. h7 Ng6+ 68. Kf6 Nh8 69. Kg7 1-0

[Event "Titled Tuesday intern op 28th May Late"]
[Site "Chess.com INT"]
[Date "2024.05.28"]
[Round "10"]
[White "Shevchuk, Olexandr"]
[Black "Liu, Eric"]
[Result "0-1"]
[WhiteElo "2093"]
[BlackElo "2388"]
[PlyCount "100"]
[EventDate "2024.05.28"]
[EventType "swiss (blitz)"]
[EventRounds "11"]
[EventCountry "USA"]
[SourceTitle "EXT 2025"]
[Source "ChessBase"]
[SourceDate "2024.10.14"]
[SourceVersion "1"]
[SourceVersionDate "2024.10.14"]
[SourceQuality "1"]

1. d4 Nf6 2. c4 c5 3. d5 e6 4. g3 exd5 5. cxd5 d6 6. Bg2 g6 7. Nc3 Bg7 8. Nf3 0-0 9. 0-0 Re8 10. Bf4 Ne4 11. Nxe4 Rxe4 12. Nd2 Re8 13. Rb1 b5 14. e4 c4 15. Qc2 Qe7 16. a3 Nd7 17. Rfe1 Rb8 18. b3 c3 19. Nf3 b4 20. axb4 Rxb4 21. Rbd1 Rxe4 22. Rxe4 Qxe4 23. Qxe4 Rxe4 24. Bxd6 Re2 25. Ba3 c2 26. Re1 Rxe1+ 27. Nxe1 Nc5 28. Nxc2 Nxb3 29. Bf1 Bd7 30. Nb4 Nd2 31. Be2 Nb1 32. Bc1 Nc3 33. Bf3 a5 34. Nc6 a4 35. Nb8 Bb5 36. d6 Kf8 37. Ba3 Ke8 38. Bb4 Be5 39. Kg2 f5 40. Nc6 Bf6 41. Na7 Bd7 42. Nc6 Ne4 43. Bxe4 fxe4 44. Na5 Bb5 45. Nb7 Bb2 46. Nc5 a3 47. d7+ Bxd7 48. Nxe4 a2 49. Nd6+ Kd8 50. Nb7+ Kc7 0-1

[Event "Titled Tuesday intern op 21st May Late"]
[Site "Chess.com INT"]
[Date "2024.05.21"]
[Round "7"]
[White "Liu, Eric"]
[Black "Manvelyan, Mikayel"]
[Result "0-1"]
[WhiteElo "2388"]
[BlackElo "2289"]
[PlyCount "168"]
[EventDate "2024.05.21"]
[EventType "swiss (blitz)"]
[EventRounds "11"]
[EventCountry "USA"]
[SourceTitle "CBM 220 Extra"]
[Source "ChessBase"]
[SourceDate "2024.07.31"]
[SourceVersion "1"]
[SourceVersionDate "2024.07.31"]
[SourceQuality "1"]

1. c4 e5 2. g3 g6 3. Bg2 Bg7 4. Nc3 Ne7 5. Nf3 0-0 6. d4 exd4 7. Nxd4 Nbc6 8. Be3 Ne5 9. Qb3 Ng4 10. Nc2 Nxe3 11. Nxe3 c6 12. 0-0 d6 13. Rad1 Qc7 14. Qc2 Nf5 15. Nxf5 Bxf5 16. Be4 Be6 17. b3 Rad8 18. Qd3 Rfe8 19. Bg2 Qa5 20. Rc1 Bf5 21. e4 Bc8 22. Qc2 h5 23. h4 Bg4 24. Qb2 a6 25. b4 Qe5 26. Qb3 Qd4 27. Kh2 b5 28. cxb5 axb5 29. a4 bxa4 30. Nxa4 Rb8 31. Rb1 Be6 32. Qc2 Qc4 33. Rfc1 Rxb4 34. Rxb4 Qxb4 35. Qxc6 Rc8 36. Qxc8+ Bxc8 37. Rxc8+ Kh7 38. Ra8 Bd4 39. f4 Qe1 40. e5 dxe5 41. Rd8 Bf2 42. Rd3 exf4 43. gxf4 Qb4 44. Nc3 Qxf4+ 45. Kh1 Qxh4+ 46. Rh3 Qd4 47. Bf1 Qf4 48. Ne2 Qe4+ 49. Kh2 Be3 50. Bg2 Qe5+ 51. Kh1 Bg5 52. Bf1 Qe4+ 53. Kh2 Bf4+ 54. Kg1 Kg7 55. Kf2 Bg5 56. Rf3 Bh4+ 57. Kg2 Qg4+ 58. Ng3 Bxg3 59. Rxg3 Qe4+ 60. Kf2 h4 61. Rf3 g5 62. Bd3 Qd4+ 63. Ke2 g4 64. Rf5 h3 65. Rh5 Qf4 66. Rh7+ Kf6 67. Kd1 Qf3+ 68. Kc2 Qf4 69. Kc3 h2 70. Bc4 Qe3+ 71. Kb4 Qe7+ 72. Kb5 g3 73. Rh6+ Kg5 74. Rh3 Kf4 75. Rh4+ Qxh4 76. Bd5 h1Q 77. Bxh1 Qxh1 78. Kc5 Qe4 79. Kd6 g2 80. Kd7 g1Q 81. Kd8 Qgd4+ 82. Kc8 Qc2+ 83. Kb8 Qb4+ 84. Ka7 Qa2# 0-1

[Event "Titled Tuesday intern op 21st May Late"]
[Site "Chess.com INT"]
[Date "2024.05.21"]
[Round "1"]
[White "Liu, Eric"]
[Black "Sjugirov, Sanan"]
[Result "0-1"]
[WhiteElo "2388"]
[BlackElo "2691"]
[PlyCount "72"]
[EventDate "2024.05.21"]
[EventType "swiss (blitz)"]
[EventRounds "11"]
[EventCountry "USA"]
[SourceTitle "CBM 220 Extra"]
[Source "ChessBase"]
[SourceDate "2024.07.31"]
[SourceVersion "1"]
[SourceVersionDate "2024.07.31"]
[SourceQuality "1"]

1. c4 e5 2. Nc3 d6 3. g3 f5 4. Bg2 Nf6 5. d3 Be7 6. Nf3 0-0 7. 0-0 Kh8 8. Rb1 a5 9. a3 Qe8 10. b4 axb4 11. axb4 f4 12. Nd2 Nc6 13. Nd5 Nxd5 14. cxd5 Nd4 15. e3 Nf5 16. Ne4 fxe3 17. fxe3 Bd7 18. Qc2 c6 19. Nc3 Rc8 20. Qb3 Bg5 21. Re1 Qg6 22. Ne4 Be7 23. Nf2 cxd5 24. Qxd5 Bc6 25. Qa2 Bxg2 26. Kxg2 Nh4+ 27. Kh1 Nf3 28. Rf1 d5 29. Ba3 Qh5 30. h3 Qg6 31. Kg2 e4 32. Qxd5 Nh4+ 33. Kh2 Rc2 34. Rb2 Bd6 35. Kh1 Qxg3 36. Qxd6 Qg2# 0-1

[Event "Titled Tuesday intern op 21st May Late"]
[Site "Chess.com INT"]
[Date "2024.05.21"]
[Round "6"]
[White "Poormosavi, Seyed Kian"]
[Black "Liu, Eric"]
[Result "0-1"]
[WhiteElo "2388"]
[BlackElo "2388"]
[PlyCount "78"]
[EventDate "2024.05.21"]
[EventType "swiss (blitz)"]
[EventRounds "11"]
[EventCountry "USA"]
[SourceTitle "CBM 220 Extra"]
[Source "ChessBase"]
[SourceDate "2024.07.31"]
[SourceVersion "1"]
[SourceVersionDate "2024.07.31"]
[SourceQuality "1"]

1. Nf3 Nf6 2. g3 b6 3. Bg2 Bb7 4. 0-0 c5 5. b3 g6 6. Bb2 Bg7 7. c4 e6 8. e3 0-0 9. d4 cxd4 10. exd4 d5 11. Ne5 Nc6 12. Nd2 Rc8 13. Ndf3 Na5 14. Qe2 Nd7 15. Rac1 Nxe5 16. dxe5 dxc4 17. bxc4 Qc7 18. Ba3 Rfd8 19. Bd6 Qd7 20. c5 bxc5 21. Bxc5 Bd5 22. Bd6 Bc4 23. Qe3 Bxf1 24. Bxf1 Rxc1 25. Qxc1 Rc8 26. Qa3 Nc4 27. Bxc4 Rxc4 28. h4 h6 29. Nd2 Rc8 30. Ne4 Qc6 31. Qf3 Qd5 32. Kh2 Bxe5 33. Be7 f5 34. Qe3 Qxe4 35. Qxh6 f4 36. h5 fxg3+ 37. fxg3 Rc2+ 38. Kh3 Qf5+ 39. Kh4 Rh2# 0-1